Stolice Państw Ameryki Południowej - Statystyki

Ogólne statystyki
  • Ten quiz został rozwiązany 129 razy
  • Średni wynik to 9 z 12
Odpowiedzi na mapie
Odpowiedzi zakodowano w zielono-czerwonej skali na mapie do tego quizu, zgodnie z poniższymi procentami.
 
Statystyki odpowiedzi
Państwo Stolica % Poprawnych
Brazylia Brasília
98%
Argentyna Buenos Aires
98%
Kolumbia Bogota
83%
Urugwaj Montevideo
83%
Peru Lima
80%
Chile Santiago
80%
Boliwia La Paz
76%
Wenezuela Caracas
70%
Ekwador Quito
65%
Paragwaj Asuncion
61%
Gujana Georgetown
52%
Surinam Paramaribo
37%
Nie znaleziono quizów pasujących do podanych kryteriów
Rozkład punktacji
Procent ludzi z każdym wynikiem
Percentyl według liczby udzielonych odpowiedzi
Twoja historia wyników
Nie rozwiązałeś tego quizu